00575nam a22001937a 450000500170000001000150001702000260003203500130005803500130007103700130008403700280009708200110012524500730013626000340020927000460024330000250028950000500031470000170036420130723163806.0 aENG-105259 a9788120345713c350.00 aEN-88792 aB-491472 bDBAD/PUB bLiteracy House/Venadpl a881.08 aIndian poetry in English :cedited by Zinia Mitrabcritical essays / aNew DelhibPHI Learningc2012 aM-97, Connaught CircusbNew Delhie110001 axvi,455p.c23cm(pbk) aIncludes bibliographical references and index aMitra, Zinia